000
00272nam a2200121Ia 4500
003
GCL
008
140319s9999 xx 000 0 ara d
040
_a
GCL /
_c
GCL
082
0
4
_a
فيديو
_b
45
245
1
0
_a
اريد حلا
260
_a
[S.N] :
_b
لا يوجد
490
_a
999
_c
28752
_d
28752